| 000 | 01010cam a2200133 4500500 | ||
|---|---|---|---|
| 005 | 20260405064154.0 | ||
| 041 | _afre | ||
| 042 | _adc | ||
| 100 | 1 | 0 |
_aMolinié-Bertrand, Annie _eauthor |
| 245 | 0 | 0 | _aVocabulaire de l'Amérique espagnole |
| 260 |
_bArmand Colin,
_c2005. |
||
| 520 | _aCe lexique présente l'histoire et la civilisation de l'Amérique espagnole aux XVIe et XVIIe siècles. Il raconte la conquête de l'Amérique par les Espagnols et le sort réservé aux Indiens. Il décrit les institutions, la fiscalité, l'économie, les mentalités, la société et nous renseigne sur certains personnages, certaines cités aux noms mythiques. Complèment du Vocabulaire historique de l'Espagne classique, il permet aux étudiants hispanistes et américanistes ainsi qu'aux historiens d'établir un va-et-vient entre l'Espagne du Siècle d'Or et l'Amérique coloniale. | ||
| 856 | 4 | 1 | _uhttps://shs.cairn.info/vocabulaire-de-l-amerique-espagnole--9782200343859?lang=fr&redirect-ssocas=7080 |
| 999 |
_c2185961 _d2185961 |
||